Διερεύνηση ποιοτικών παραμέτρων πρόβειου γάλακτος τριών περιοχών της νήσου Λέσβου
Αποθηκεύτηκε σε:
| Κύριος συγγραφέας: | |
|---|---|
| Συγγραφή απο Οργανισμό/Αρχή: | |
| Άλλοι συγγραφείς: | |
| Μορφή: | Thesis Βιβλίο |
| Γλώσσα: | Greek |
| Δημοσίευση: |
2009
|
| Θέματα: | |
| Διαθέσιμο Online: | http://hdl.handle.net/11610/15312 |
| Ετικέτες: |
Προσθήκη ετικέτας
Δεν υπάρχουν, Καταχωρήστε ετικέτα πρώτοι!
|
MARC
| LEADER | 00000cam a2200000 i 4500 | ||
|---|---|---|---|
| 001 | 1/8004 | ||
| 008 | 100603s2009 gre d | ||
| 035 | |l 10108093 | ||
| 040 | |a GR-MY-UA |b gre |e aacr | ||
| 041 | 0 | |a gre | |
| 082 | 0 | |a 636 |2 (22) | |
| 100 | 1 | |a Ζήσης, Τηλέμαχος. | |
| 245 | 1 | 0 | |a Διερεύνηση ποιοτικών παραμέτρων πρόβειου γάλακτος τριών περιοχών της νήσου Λέσβου / |c Ζήσης Τηλέμαχος ; υπεύθυνος καθηγητής: Ν.Σ. Μάργαρης |
| 260 | |c 2009 | ||
| 300 | |a 70 σ.; |b πιν.; |c 30 εκ. | ||
| 500 | |a Βιβλιογραφία: σ. 42-47 | ||
| 502 | |a Διατριβή (μεταπτυχιακή) – Πανεπιστήμιο Αιγαίου, Λέσβος, 2009. | ||
| 650 | 0 | 0 | |a Milk |x Analysis. |
| 650 | 0 | 0 | |a Sheep |x Milk yeild. |
| 650 | 0 | 0 | |a Milk |x Quality. |
| 650 | 0 | 0 | |a Livestock |z Greece |z Lesbos Island. |
| 650 | 0 | 0 | |a Sheep breeds |z Greece |z Lesbos Island. |
| 650 | 0 | 0 | |a Dissertations, Academic |z Greece. |
| 700 | 1 | |a Μάργαρης, Νίκος Σ., |d 1943-2013. |4 ths | |
| 710 | 2 | |a Πανεπιστήμιο Αιγαίου |b Σχολή Περιβάλλοντος |b Τμήμα Περιβάλλοντος |b Πρόγραμμα Μεταπτυχιακών Σπουδών Γεωργία και Περιβάλλον. | |
| 852 | |a INST |b LESVOS |c DIATR |e 20100603 |h 303 |p 005100047672 |q 005100047672 |t MTXE |y 23 | ||
| 852 | |a INST |b LESVOS |c DIATR |e 20100603 |h 304 |p 005100047673 |q 005100047673 |t MTXE |y 23 | ||
| 856 | |u http://hdl.handle.net/11610/15312 | ||
| 901 | |a BIBL1-2010-2 | ||
| 909 | |a Λ |b 164538 | ||
| 909 | |a Λ |b 164539 | ||
| 924 | |a ΖΗΣΗΣ |b ΤΗΛΕΜΑΧΟΣ |y ΛΕΣΒΟΣ |z 2010-11 | ||
| 970 | |a ΤΖΑΦΕΡΗ |b ΕΥΑΓΓΕΛΙΑ |z 2010/06/03 | ||